LEADER 02903nam 2200685 a 450 001 9910461270303321 005 20200520144314.0 010 $a1-283-20288-3 010 $a9786613202888 010 $a1-4411-1869-1 035 $a(CKB)2670000000106705 035 $a(EBL)742714 035 $a(OCoLC)741690669 035 $a(SSID)ssj0000522746 035 $a(PQKBManifestationID)12230599 035 $a(PQKBTitleCode)TC0000522746 035 $a(PQKBWorkID)10538575 035 $a(PQKB)10134783 035 $a(MiAaPQ)EBC742714 035 $a(Au-PeEL)EBL742714 035 $a(CaPaEBR)ebr10488151 035 $a(CaONFJC)MIL320288 035 $a(OCoLC)893335499 035 $a(EXLCZ)992670000000106705 100 $a20040624d2004 uy 0 101 0 $aeng 135 $aur|n|---||||| 181 $ctxt 182 $cc 183 $acr 200 10$aFrom followers to leaders$b[electronic resource] $ethe Apostles in the ritual of status transformation in Acts 1-2 /$fNelson P. Estrada 210 $aLondon ;$aNew York $cT & T Clark International$dc2004 215 $a1 online resource (297 p.) 225 1 $aJournal for the study of the New Testament. Supplement series ;$v255 300 $aOriginally presented as the author's thesis (doctoral)--University of Sheffield, 2001. 311 $a0-8264-6973-6 320 $aIncludes bibliographical references (p. [249]-266) and indexes. 327 $apt. 1. Separation -- pt. 2. Transition -- pt. 3. Aggregation. 330 $aNelson Estrada examines the apostlesGC?O? transformation of status from followers to leaders in Acts 1GC?o?2. He challenges the common view that Acts 1:12GC?o?14 is the preparation for the coming of the Spirit in Acts 2, and that the sole purpose of Acts 1:15GC?o?26 is to set the number of the apostles at twelveGC?o?in line with JesusGC?O? prophecy in Luke 22:30. Instead, Estrada reads Acts 1:12GC?o?14 and 1:15GC?o?26 as primarily propagandistic in nature. He argues that these pericopes promote the leadership integrity of the apostles by attempting to win the support of the women disciples and JesusGC?O? family 410 0$aJournal for the study of the New Testament.$pSupplement series ;$v255. 606 $aApostles 606 $aLeadership in the Bible 606 $aWomen in the Bible 606 $aSociology, Biblical 606 $aGifts, Spiritual$xBiblical teaching 608 $aElectronic books. 615 0$aApostles. 615 0$aLeadership in the Bible. 615 0$aWomen in the Bible. 615 0$aSociology, Biblical. 615 0$aGifts, Spiritual$xBiblical teaching. 676 $a226.6/06 700 $aEstrada$b Nelson P$0919450 801 0$bMiAaPQ 801 1$bMiAaPQ 801 2$bMiAaPQ 906 $aBOOK 912 $a9910461270303321 996 $aFrom followers to leaders$92062298 997 $aUNINA LEADER 04454nam 2200637 450 001 996466475903316 005 20220304142438.0 010 $a3-540-47805-1 024 7 $a10.1007/BFb0078312 035 $a(CKB)1000000000437535 035 $a(SSID)ssj0000325227 035 $a(PQKBManifestationID)12072400 035 $a(PQKBTitleCode)TC0000325227 035 $a(PQKBWorkID)10320607 035 $a(PQKB)10569519 035 $a(DE-He213)978-3-540-47805-8 035 $a(MiAaPQ)EBC5610413 035 $a(Au-PeEL)EBL5610413 035 $a(OCoLC)1079006601 035 $a(MiAaPQ)EBC6842473 035 $a(Au-PeEL)EBL6842473 035 $a(OCoLC)793079021 035 $a(PPN)155203940 035 $a(EXLCZ)991000000000437535 100 $a20220304d1987 uy 0 101 0 $aeng 135 $aurnn|008mamaa 181 $ctxt 182 $cc 183 $acr 200 00$aNonlinear hyperbolic problems $eproceedings of an advanced research workshop held in St. Etienne, France, January 13-17 1986 /$fC. Carasso, P. A. Raviart, D. Serre, editors 205 $a1st ed. 1987. 210 1$aBerlin ;$aHeidelberg :$cSpringer-Verlag,$d[1987] 210 4$dİ1987 215 $a1 online resource (XVIII, 342 p.) 225 1 $aLecture Notes in Mathematics ;$v1270 300 $aBibliographic Level Mode of Issuance: Monograph 311 $a0-387-18200-4 311 $a3-540-18200-4 327 $aApproximate solution of the generalized Riemann problem and applications -- Computation of oscillatory solutions to partial differential equations -- Preliminary results on the extension of eno schemes to two-dimensional problems -- Upwind differencing schemes for hyperbolic conservation laws with source terms -- The entropy dissipation by numerical viscosity in nonlinear conservative difference schemes -- 2-D and 3-D Euler computations with finite element methods in aerodynamics -- A ?box-scheme? for the euler equations -- Numerical techniques in elastoplasticity -- An implicit centered scheme which gives non-oscillatory steady shocks -- A computer-aided system for investigation and construction of difference schemes of gas dynamics -- Lois de conservation et integrales d'energie des equations hyperboliques -- On symmetrizing hyperbolic differential equations -- A survey of nonstrictly hyperbolic conservation laws -- Admissibility criteria for phase boundaries -- The transformation from Eulerian to Lagrangian coordinates for solutions with discontinuities -- Two existence theorems for systems of conservation laws with dissipation -- Global solutions to some free boundary problems for quasilinear hyperbolic systems and applications -- Un theoreme d'existence globale en elasticite non lineaire mono-dimensionnelle -- A nonhomogeneous system of equations of nonisentropic gas dynamics -- Far field boundary conditions for steady state solutions to hyperbolic systems -- Can hyperbolic systems of conservation laws be well-posed in BV(R;RN)? -- Propagation des oscillations dans les systemes hyperboliques non lineaires -- Stability and decay in systems of conservation laws -- Different approach for the relation between the kinetic and the macroscopic equations -- Integrable transport processes. 330 $aThe field of nonlinear hyperbolic problems has been expanding very fast over the past few years, and has applications - actual and potential - in aerodynamics, multifluid flows, combustion, detonics amongst other. The difficulties that arise in application are of theoretical as well as numerical nature. In fact, the papers in this volume of proceedings deal to a greater extent with theoretical problems emerging in the resolution of nonlinear hyperbolic systems than with numerical methods. The volume provides an excellent up-to-date review of the current research trends in this area. 410 0$aLecture notes in mathematics (Springer-Verlag) ;$v1270. 606 $aDifferential equations, Partial 615 0$aDifferential equations, Partial. 676 $a515.7242 702 $aCarasso$b C. 702 $aRaviart$b Pierre-Arnaud$f1939- 702 $aSerre$b D. 712 12$aInternational Conference on Non-linear Hyperbolic Problems$f(1986 :$eSaint-Etienne, Loire, France) 801 0$bMiAaPQ 801 1$bMiAaPQ 801 2$bMiAaPQ 906 $aBOOK 912 $a996466475903316 996 $aNonlinear hyperbolic problems$980174 997 $aUNISA